Справочник по смазване на трактори и селскостопански машини (Запис номер 60189)
[ съкратено ]
| 000 -Лидер | |
|---|---|
| Контролно поле с фиксирана дължина | 01597nam a2200349 c 4500 |
| 003 - Код на организацията, давaща контролен номер | |
| Контролно поле | BLK |
| 005 - Дата и час на последна редакция | |
| Контролно поле | 20180422102337.0 |
| 008 - Елементи от данни с фиксирана дължина | |
| fixed length control field | 180408b bul|||||r ||||||| ||bul|| |
| 010 ## - Наследен системен номер | |
| LC control number | KNG00064327000 |
| 040 ## - Източник на каталожния запис | |
| Идентификатор на билиотеката - собственик на записа | BLK |
| 041 ## - Код за език | |
| Код за езика на текст/звукозапис или на отделно заглавие | Български |
| Код за езика КДБФ | Български |
| 080 ## - УДК | |
| Текстов определител УДК | Селскостопански трактори Вж и 629.114.2 |
| УДК код - определител по УДК | 631.372 |
| УДК определител | (035) |
| УДК - код + определител | 631.372(035) |
| 100 1# - Редна дума - Автор | |
| Автор | Тошков, Димитър |
| Авторска отговорност | първи автор |
| R(LIN) | 289710 |
| 139 ## - Редно поле | |
| Редна дума | Справочник по смазване на трактори и селскостопански машини |
| Авторски знак | Спр - С 59 |
| 245 10 - Сведения за заглавието | |
| Заглавие | Справочник по смазване на трактори и селскостопански машини |
| Редно поле (дума) | Димитър Тошков; отг. ред. Димитър Тошков. |
| 257 ## - Страна на издаване | |
| Страна на създаване/издаване | България |
| 260 ## - Област на издателските данни | |
| -- | София |
| Име на издателя, разпространителя и проч. | Земиздат |
| Година на издаване | 1990 |
| Печатница | Хасково : Ат. Стратиев |
| 300 ## - Физическа характеристика | |
| Страници | 171 с. |
| Илюстрации и др. | с табл., сх. |
| Размери/Мащаб | 21 см |
| 380 ## - Жанр | |
| Жанр | Селско стопанство |
| 500 ## - Общи забележки | |
| Забележка | Други авт.: Г. Христозов, Б. Аврамов, В. Гетова. - 1 300 тир. |
| 650 #4 - Допълнително описание по предмет – тема | |
| Основно описание – тема или топоним | Трактори - смазване |
| 9 (RLIN) | 242998 |
| 650 #4 - Допълнително описание по предмет – тема | |
| Основно описание – тема или топоним | Селскостопански машини и оръдия - ремонт и поддръжка |
| 9 (RLIN) | 289489 |
| 653 ## - Ключова дума – ненормативна | |
| Ключова дума | трактори |
| 653 ## - Ключова дума – ненормативна | |
| Ключова дума | селскостопански машини |
| 653 ## - Ключова дума – ненормативна | |
| Ключова дума | смазочни материали |
| 700 1# - Други автори (авторска отговорност) | |
| Лично име | Тошков, Димитър |
| Автороска отговорност (Описва отношението между автора и произведението) | отг. ред. |
| 9 (RLIN) | 369902 |
| 852 ## - Местоположение | |
| Форматна сигнатура | Цб 164497 |
| 856 4# - Електронен адрес и достъп | |
| Електронен формат | pdf - файл |
| Път до файла /url/ | |
| 856 4# - Електронен адрес и достъп | |
| Електронен формат | pdf - файл |
| Път до файла /url/ | |
| 942 ## - АРТИКУЛИ | |
| Вид на библиотечния материал | Книги |
| Скрит в OPAC | Не |
| 944 ## - СЪЗДАВАНЕ И РЕДАКЦИЯ на ЗАПИСА | |
| Създаване/Редакция | Създаване |
| Дата на регистрацията/редакция | 13.06.2004 |
| Служител, извършил регистрацията/редакцията | Читалня |
| 944 ## - СЪЗДАВАНЕ И РЕДАКЦИЯ на ЗАПИСА | |
| Създаване/Редакция | Редакция |
| Дата на регистрацията/редакция | 24.09.2015 |
| Служител, извършил регистрацията/редакцията | Валя_Йорданова |
| 999 ## - СИСТЕМНИ КОНТРОЛНИ НОМЕРА | |
| Koha biblionumber | 60189 |
| Koha biblioitemnumber | 60189 |
| Код за отписване | Код за изгубен артикул | Източник на класификационната схема | Код за повреда | Коз за рестрикции | Код за отдаване | Артикулен № | Име на библиотеката - собственик | Име на библиотеката, в която се намира в момента | Статус (Текущо местоположение) | Дата на вписване в системата | Местоположение - отдел | Цена в лева | Инвентарен номер | Систематично азбучна сигнатура | Баркод | Номер на екземпляра | Цена в евро | Служебна бележка | Служебен тип на артикула |
|---|---|---|---|---|---|---|---|---|---|---|---|---|---|---|---|---|---|---|---|
| Изтеглен | Не е изгубен | Universal Decimal Classification | Не е повреден | без рестрикции | ползва се в читалня | 99031 | Регионална библиотека "Любен Каравелов" Русе | Регионална библиотека "Любен Каравелов" Русе | Читалня | 1990-01-01 | Читалня | 1.28 | 541255 | Ч 631.372/С 59 с | 541255 | 1 | 0.65 | N: Сф Дата: 01.01.1990 Дата инв: 20.03.2017 Бележки инв: Ч2017 | Книги |
| Не е изгубен | Universal Decimal Classification | Не е повреден | без рестрикции | ползва се в читалня | 99032 | Регионална библиотека "Любен Каравелов" Русе | Регионална библиотека "Любен Каравелов" Русе | Хранилище | 1990-01-01 | Хранилище | 1.28 | 540797 | Цб 164497 | 120000540797 | 2 | 0.65 | Дост: Dp Вид: Д N: Сф Дата: 01.01.1990 | Книги | |
| Изтеглен | Не е изгубен | Universal Decimal Classification | Не е повреден | без рестрикции | заемане за дома | 99033 | Регионална библиотека "Любен Каравелов" Русе | Регионална библиотека "Любен Каравелов" Русе | Заемна - подръчен фонд | 1990-01-01 | Заемна - подръчен фонд | 1.28 | 541254 | П 631.372/С 59 | 541254 | 3 | 0.65 | N: Сф Дата: 01.01.1990 | Книги |